Catálogo
 En Linea

Estado de la profesión de abogado en la República Dominicana / (Registro nro. 27388)

Detalles MARC
000 -CABECERA
campo de control de longitud fija 00687nam a2200169 a 4500
001 - NÚMERO DE CONTROL
campo de control 000027896
005 - FECHA Y HORA DE LA ÚLTIMA TRANSACCIÓN
campo de control 20200930031201.0
008 - DATOS DE LONGITUD FIJA--INFORMACIÓN GENERAL
campo de control de longitud fija 110405s1970 dr r 000 0 spa d
040 ## - FUENTE DE LA CATALOGACIÓN
Centro catalogador/agencia de origen DO-SdBNP
Lengua de catalogación spa
Centro/agencia transcriptor BNPHU
111 1# - ENTRADA PRINCIPAL--NOMBRE DE CONGRESO/REUNIÓN
Nombre de congreso/reunión o jurisdicción como elemento de entrada Congreso de la federación venezolanade abogados
Sede del congreso/Lugar de la reunión (Venezuela
Fecha del congreso/reunión 1970
Número del congreso/reunión o número de parte o sección 2:)
9 (RLIN) 54964
245 10 - MENCIÓN DE TÍTULO
Título Estado de la profesión de abogado en la República Dominicana /
Mención de responsabilidad, etc. Luz Bethania Pelaez Ortíz de Pina.
260 ## - PUBLICACIÓN, DISTRIBUCIÓN, ETC.
Lugar de publicación, distribución, etc. Valencia, Venezuela :
Nombre del editor, distribuidor, etc. Colegio de Abogados,
Fecha de publicación, distribución, etc. 1970.
300 ## - DESCRIPCIÓN FÍSICA
Extensión 8 p. ;
Dimensiones 19 cm.
490 1# - MENCIÓN DE SERIE
Mención de serie Publicaciones del Colegio de Abogados
Designación de volumen o secuencia 4
700 1# - PUNTO DE ACCESO ADICIONAL--NOMBRE DE PERSONA
Nombre de persona Luz Bethania, Pelaez Ortíz de Pina
9 (RLIN) 54965
830 #0 - PUNTO DE ACCESO ADICIONAL DE SERIE-TÍTULO UNIFORME
Título uniforme Publicaciones del Colegio de Abogados
Número de parte o sección de la obra 4
9 (RLIN) 54966
Existencias
Estado de retiro Estado de pérdida No para préstamo Código de colección Localización permanente Ubicación/localización actual Ubicación en estantería Fecha de adquisición Número de inventario Total de préstamos Signatura topográfica completa Código de barras Fecha visto por última vez Precio válido a partir de Tipo de ítem Koha Número de copia
    Excluido de préstamo Patrimonio Dominicano Patrimonio Dominicano Patrimonio Dominicano Depósito 05.04.2011 LF1   27896-10 25.06.2020 25.06.2020 Libro y Folleto Colección Patrimonio Dominicano  
    Excluido de préstamo Patrimonio Dominicano Patrimonio Dominicano Patrimonio Dominicano Depósito 06.08.2018 LF1   27896-20 25.06.2020 25.06.2020 Libro y Folleto Colección Patrimonio Dominicano e. 2

Con tecnología Koha